Statistics for Seychelles First Level Subdivisions

Click here to take the quiz!

General Stats

  • This quiz has been taken 61 times
  • The average score is 8 of 26

Answer Stats

Districts% Correct
Grand'Anse
67%
Outer Islands
60%
English River
53%
Anse Royale
47%
Saint Louis
47%
Cascade
40%
Takamaka
40%
Anse Etoile
33%
Au Cap
33%
Beau Vallon
33%
Bel Air
33%
Anse aux Pins
27%
Bel Ombre
27%
Grand'Anse Praslin
27%
Plaisance
27%
Anse Boileau
20%
Baie Lazare
20%
Baie Sainte Anne
20%
Glacis
20%
Les Mamelles
20%
Mont Buxton
20%
Mont Fleuri
20%
Pointe La Rue
20%
Port Glaud
20%
Roche Caïman
20%
La Digue and Inner Islands
13%

Score Distribution

Percentile by Number Answered

Percent of People with Each Score

Your Score History

You have not taken this quiz